|
|
|
|
| LEADER |
01680nam a2200385 a 4500 |
| 001 |
33649 |
| 003 |
BD-DhAAL |
| 005 |
20211125120951.0 |
| 008 |
180805t2007 enk b 001 0 eng d |
| 999 |
|
|
|c 39553
|d 39553
|
| 010 |
|
|
|a 2007003103
|
| 020 |
|
|
|a 0199281300 (hbk. : alk. paper)
|
| 020 |
|
|
|a 9780199281305 (hbk. : alk. paper)
|
| 020 |
|
|
|a 0199207631 (pbk. : alk. paper)
|
| 020 |
|
|
|a 9780199207633 (pbk. : alk. paper)
|
| 035 |
|
|
|a (OCoLC)ocm80360535
|
| 035 |
|
|
|a (OCoLC)80360535
|
| 040 |
|
|
|a DLC
|c DLC
|d BAKER
|d BWKUK
|d YDXCP
|d BTCTA
|d MUQ
|d DLC
|d BD-DhAAL
|d BD-DhAAL
|
| 050 |
0 |
0 |
|a K3230
|b .G66 2007
|
| 082 |
0 |
0 |
|a 342.083
|2 22
|
| 100 |
1 |
|
|a Goodwin-Gill, Guy S.
|9 27711
|
| 245 |
1 |
4 |
|a The refugee in international law /
|c Guy S. Goodwin-Gill and Jane McAdam.
|
| 250 |
|
|
|a Third edition
|
| 260 |
|
|
|a Oxford ;
|a New York :
|b Oxford University Press,
|c c2007.
|
| 300 |
|
|
|a lix, 786 pages ;
|c 25 cm.
|
| 504 |
|
|
|a Includes bibliographical references (pages [743]-772) and index.
|
| 526 |
|
|
|a School of Law
|
| 541 |
|
|
|a Trim Education
|e 33649, 33650
|
| 650 |
|
0 |
|a Refugees
|x Legal status, laws, etc.
|9 27712
|
| 650 |
|
0 |
|a Law.
|9 43181
|
| 700 |
1 |
|
|a McAdam, Jane,
|d 1974-
|9 27713
|
| 852 |
|
|
|a Ayesha Abed Library
|c General Stacks
|
| 942 |
|
|
|2 ddc
|c BK
|
| 952 |
|
|
|0 0
|1 0
|2 ddc
|4 0
|6 342_083000000000000_GOO
|7 0
|9 64197
|a BRACUL
|b BRACUL
|c GEN
|d 2018-08-05
|e Trim Education
|g 6390.00
|l 4
|m 23
|o 342.083 GOO
|p 3010033649
|r 2024-06-30
|s 2024-03-27
|t 1
|v 6390.00
|w 2018-08-05
|y BK
|x Koha Inventory 2020
|
| 952 |
|
|
|0 0
|1 0
|2 ddc
|4 0
|6 342_083000000000000_GOO
|7 0
|9 64198
|a BRACUL
|b BRACUL
|c GEN
|d 2018-08-05
|e Trim Education
|g 6390.00
|l 3
|m 17
|o 342.083 GOO
|p 3010033650
|r 2024-01-20
|s 2023-10-08
|t 2
|v 6390.00
|w 2018-08-05
|y BK
|